| Tag |
First Indicator |
Second Indicator |
Subfields |
| LEADER |
00000pam a2200000 a 4500 |
| 001 |
in00000088175 |
| 005 |
20151008065044.0 |
| 008 |
811203s1982 nyua b 00010 eng |
| 010 |
|
|
|a 81019508
|
| 020 |
|
|
|a 0306109670
|
| 035 |
|
|
|a (OCoLC)08032030
|
| 035 |
|
|
|9 AAK5277AM
|
| 039 |
0 |
|
|a 2
|b 3
|c 3
|d 3
|e 3
|
| 040 |
|
|
|a DLC
|c DLC
|d TXA
|d UtOrBLW
|
| 041 |
1 |
|
|a eng
|a rus
|
| 049 |
|
|
|a TXAM
|c [1443046]
|
| 050 |
0 |
0 |
|a QC975.9.A1
|b Z8
|
| 082 |
0 |
|
|a 551.5/028
|2 19
|
| 100 |
1 |
|
|a Zuev, V. E.
|q (Vladimir Evseevich)
|
| 245 |
1 |
0 |
|a Laser beams in the atmosphere /
|c V.E. Zuev ; translated from Russian by James S. Wood.
|
| 264 |
|
1 |
|a New York :
|b Consultants Bureau,
|c [1982]
|
| 264 |
|
4 |
|c ©1982
|
| 300 |
|
|
|a xi, 504 pages :
|b illustrations ;
|c 24 cm.
|
| 336 |
|
|
|a text
|b txt
|2 rdacontent
|
| 337 |
|
|
|a unmediated
|b n
|2 rdamedia
|
| 338 |
|
|
|a volume
|b nc
|2 rdacarrier
|
| 504 |
|
|
|a Includes bibliographical references.
|
| 650 |
|
0 |
|a Atmosphere
|x Laser observations.
|
| 999 |
|
|
|a MARS
|
| 999 |
f |
f |
|s 90d2826f-8e2c-395e-ac43-2a175ef4f8d8
|i 07770a38-04ab-3ddd-84f4-e4e485e661a9
|t 0
|
| 952 |
f |
f |
|p normal
|a Texas A&M University
|b College Station
|c Sterling C. Evans Library
|d Evans: Library Stacks
|t 0
|e QC975.9.A1 Z8
|h Library of Congress classification
|i unmediated -- volume
|m A14806210139
|
| 998 |
f |
f |
|a QC975.9.A1 Z8
|t 0
|l Evans: Library Stacks
|